[Event "DEM U10 2025"]
[Site "Willingen GER"]
[Date "2025.06.11"]
[Round "5"]
[White "von Gehlen, Elian"]
[Black "Busch, Jonathan Luis"]
[Result "1-0"]
[Termination "normal"]
[Board "9"]
[WhiteElo "1548"]
[BlackElo "1723"]
[WhiteClock "00:14:43"]
[BlackClock "00:12:00"]
[PlyCount "135"]
[WhiteFideId "34651560"]
[BlackFideId "34664874"]
[EventCountry "GER"]
[EventRounds "9"]
[EventType "swiss"]
[EventDate "2025.06.07"]

1. e4 {[%clk 01:30:49]} {[%emt 00:00:10]} e5 {[%clk 01:30:54]} {[%emt
00:00:07]} 2. Nc3 {[%clk 01:30:56]} {[%emt 00:00:22]} Nf6 {[%clk 01:31:18]}
{[%emt 00:00:07]} 3. g3 {[%clk 01:31:06]} {[%emt 00:00:20]} Nc6 {[%clk
01:30:50]} 4. Bg2 {[%clk 01:30:35]} {[%emt 00:01:58]} Bc5 {[%clk 01:29:58]} 5.
Nge2 {[%clk 01:29:43]} {[%emt 00:02:45]} a5 {[%clk 01:29:54]} 6. O-O {[%clk
01:28:38]} {[%emt 00:02:07]} O-O {[%clk 01:30:12]} 7. Nd5 {[%clk 01:27:39]}
{[%emt 00:01:43]} d6 {[%clk 01:26:31]} 8. c3 {[%clk 01:25:20]} {[%emt
00:07:01]} h6 {[%clk 01:22:31]} 9. d4 {[%clk 01:24:14]} {[%emt 00:06:03]} Ba7
{[%clk 01:21:28]} 10. Be3 {[%clk 01:21:11]} {[%emt 00:05:08]} Re8 {[%clk
01:18:40]} 11. Qc2 {[%clk 01:20:05]} {[%emt 00:04:54]} exd4 {[%clk 01:17:07]}
12. cxd4 {[%clk 01:19:58]} {[%emt 00:02:38]} Nxd5 {[%clk 01:16:51]} 13. exd5
{[%clk 01:20:13]} {[%emt 00:01:03]} Ne7 {[%clk 01:16:40]} {[%emt 00:00:40]} 14.
Rac1 {[%clk 01:20:12]} {[%emt 00:00:32]} Bb6 {[%clk 01:16:46]} {[%emt
00:00:24]} 15. Be4 {[%clk 01:13:44]} {[%emt 00:06:58]} Bd7 {[%clk 01:11:26]}
{[%emt 00:05:50]} 16. Qd2 {[%clk 01:05:49]} {[%emt 00:08:26]} Bf5 {[%clk
01:09:04]} {[%emt 00:02:52]} 17. Bg2 {[%clk 01:04:27]} {[%emt 00:01:51]} Bh7
{[%clk 01:08:25]} {[%emt 00:01:08]} 18. Nc3 {[%clk 01:02:50]} {[%emt 00:02:07]}
a4 {[%clk 01:04:31]} {[%emt 00:04:25]} 19. a3 {[%clk 00:57:58]} {[%emt
00:05:23]} Kh8 {[%clk 00:54:42]} {[%emt 00:10:19]} 20. Qd1 {[%clk 00:54:50]}
{[%emt 00:03:38]} Qd7 {[%clk 00:53:17]} {[%emt 00:01:55]} 21. Qh5 {[%clk
00:46:37]} {[%emt 00:08:41]} Bg6 {[%clk 00:51:22]} {[%emt 00:02:26]} 22. Bh3
{[%clk 00:45:18]} {[%emt 00:01:49]} Bxh5 {[%clk 00:49:34]} {[%emt 00:02:19]}
23. Bxd7 {[%clk 00:44:58]} {[%emt 00:00:50]} Red8 {[%clk 00:47:59]} {[%emt
00:02:04]} 24. Bxa4 {[%clk 00:44:11]} {[%emt 00:01:17]} Nf5 {[%clk 00:47:28]}
{[%emt 00:01:01]} 25. Bd1 {[%clk 00:43:00]} {[%emt 00:01:41]} Bxd1 {[%clk
00:43:54]} {[%emt 00:04:05]} 26. Rcxd1 {[%clk 00:42:26]} {[%emt 00:01:04]} Re8
{[%clk 00:43:55]} {[%emt 00:00:29]} 27. Rd3 {[%clk 00:42:08]} {[%emt 00:00:48]}
Kg8 {[%clk 00:43:25]} {[%emt 00:01:00]} 28. g4 {[%clk 00:40:36]} {[%emt
00:02:03]} Ne7 {[%clk 00:41:06]} {[%emt 00:02:51]} 29. Re1 {[%clk 00:36:36]}
{[%emt 00:04:29]} Ng6 {[%clk 00:39:19]} {[%emt 00:02:17]} 30. Kf1 {[%clk
00:34:34]} {[%emt 00:02:32]} Nh4 {[%clk 00:38:44]} {[%emt 00:01:06]} 31. Bd2
{[%clk 00:33:52]} {[%emt 00:01:09]} Rxe1+ {[%clk 00:36:29]} {[%emt 00:02:47]}
32. Kxe1 {[%clk 00:31:41]} {[%emt 00:02:41]} Bxd4 {[%clk 00:34:44]} {[%emt
00:02:16]} 33. f4 {[%clk 00:28:24]} {[%emt 00:03:46]} Re8+ {[%clk 00:33:08]}
{[%emt 00:02:06]} 34. Kf1 {[%clk 00:28:05]} {[%emt 00:00:48]} Ba7 {[%clk
00:31:53]} {[%emt 00:01:45]} 35. f5 {[%clk 00:27:44]} {[%emt 00:00:52]} g5
{[%clk 00:31:20]} {[%emt 00:01:03]} 36. Be1 {[%clk 00:27:41]} {[%emt 00:00:32]}
Ng2 {[%clk 00:26:46]} {[%emt 00:05:04]} 37. Kxg2 {[%clk 00:27:08]} {[%emt
00:01:03]} Rxe1 {[%clk 00:26:48]} {[%emt 00:00:28]} 38. Nb5 {[%clk 00:27:28]}
{[%emt 00:00:11]} Bb6 {[%clk 00:26:17]} {[%emt 00:01:01]} 39. Rd2 {[%clk
00:27:06]} {[%emt 00:00:51]} Re4 {[%clk 00:25:26]} {[%emt 00:01:19]} 40. h3
{[%clk 00:25:20]} {[%emt 00:01:21]} Kg7 {[%clk 00:23:08]} {[%emt 00:03:45]} 41.
Rc2 {[%clk 00:23:24]} {[%emt 00:02:26]} Re7 {[%clk 00:22:22]} {[%emt 00:01:15]}
42. b4 {[%clk 00:20:30]} {[%emt 00:03:24]} h5 {[%clk 00:20:28]} {[%emt
00:02:24]} 43. gxh5 {[%clk 00:18:14]} {[%emt 00:02:46]} Kh6 {[%clk 00:17:56]}
{[%emt 00:03:02]} 44. f6 {[%clk 00:17:53]} {[%emt 00:00:51]} Rd7 {[%clk
00:17:45]} {[%emt 00:00:42]} 45. a4 {[%clk 00:18:02]} {[%emt 00:00:21]} Kxh5
{[%clk 00:16:49]} {[%emt 00:01:26]} 46. Rc3 {[%clk 00:17:41]} {[%emt 00:00:51]}
Kg6 {[%clk 00:16:46]} {[%emt 00:00:33]} 47. a5 {[%clk 00:18:03]} {[%emt
00:00:07]} c6 {[%clk 00:15:48]} 48. dxc6 {[%clk 00:18:03]} bxc6 49. Rxc6 {[%clk
00:18:49]} Be3 {[%clk 00:15:40]} {[%emt 00:00:58]} 50. Rxd6 {[%clk 00:19:07]}
{[%emt 00:00:13]} Rb7 {[%clk 00:14:57]} {[%emt 00:01:12]} 51. Rd5 {[%clk
00:17:57]} {[%emt 00:01:40]} Kxf6 {[%clk 00:14:09]} {[%emt 00:01:18]} 52. a6
{[%clk 00:17:37]} {[%emt 00:00:50]} Re7 {[%clk 00:13:27]} {[%emt 00:01:12]} 53.
Nc3 {[%clk 00:16:20]} {[%emt 00:01:43]} Ba7 {[%clk 00:13:17]} {[%emt 00:00:44]}
54. Rb5 {[%clk 00:15:46]} {[%emt 00:01:03]} Ke6 {[%clk 00:13:07]} {[%emt
00:00:40]} 55. Rxg5 {[%clk 00:15:18]} {[%emt 00:00:56]} Kd7 {[%clk 00:12:46]}
{[%emt 00:00:54]} 56. b5 {[%clk 00:15:14]} {[%emt 00:00:34]} Kc8 {[%clk
00:12:36]} {[%emt 00:00:39]} 57. Rg8+ {[%clk 00:15:21]} {[%emt 00:00:23]} Kd7
{[%clk 00:12:51]} {[%emt 00:00:14]} 58. Nd5 {[%clk 00:15:26]} {[%emt 00:00:26]}
Re2+ {[%clk 00:12:58]} {[%emt 00:00:22]} 59. Kg3 {[%clk 00:15:26]} {[%emt
00:00:30]} Rb2 {[%clk 00:13:13]} {[%emt 00:00:16]} 60. Ra8 {[%clk 00:12:43]}
{[%emt 00:03:13]} Bg1 {[%clk 00:12:33]} {[%emt 00:01:10]} 61. b6 {[%clk
00:12:01]} {[%emt 00:01:12]} Bxb6 {[%clk 00:12:14]} {[%emt 00:00:49]} 62. Nxb6+
{[%clk 00:12:24]} {[%emt 00:00:07]} Rxb6 {[%clk 00:12:37]} {[%emt 00:00:07]}
63. a7 {[%clk 00:12:49]} {[%emt 00:00:05]} Kc7 {[%clk 00:10:35]} {[%emt
00:02:32]} 64. Rf8 {[%clk 00:13:11]} {[%emt 00:00:07]} Ra6 {[%clk 00:10:53]}
{[%emt 00:00:13]} 65. a8=Q {[%clk 00:13:34]} {[%emt 00:00:06]} Rxa8 {[%clk
00:11:12]} {[%emt 00:00:13]} 66. Rxa8 {[%clk 00:13:57]} {[%emt 00:00:06]} Kd6
{[%clk 00:11:37]} {[%emt 00:00:05]} 67. Re8 {[%clk 00:14:19]} {[%emt 00:00:09]}
Kd7 {[%clk 00:12:00]} {[%emt 00:00:08]} 68. Re1 {[%clk 00:14:43]} {[%emt
00:00:05]} 1-0

[Event "DEM U10 2025"]
[Site "Willingen GER"]
[Date "2025.06.11"]
[Round "5"]
[White "Mettenbrink, Tammo"]
[Black "von Flottwell, Lionel"]
[Result "1-0"]
[Termination "normal"]
[Board "10"]
[WhiteElo "1275"]
[BlackElo "1645"]
[WhiteClock "00:47:03"]
[BlackClock "00:14:05"]
[PlyCount "99"]
[WhiteFideId "533043043"]
[BlackFideId "34632727"]
[EventCountry "GER"]
[EventRounds "9"]
[EventType "swiss"]
[EventDate "2025.06.07"]

1. e4 {[%clk 01:30:59]} e5 {[%clk 01:30:44]} {[%emt 00:00:16]} 2. Nf3 {[%clk
01:31:24]} {[%emt 00:00:06]} Nc6 {[%clk 01:31:07]} {[%emt 00:00:08]} 3. Bc4
{[%clk 01:31:49]} {[%emt 00:00:06]} Nf6 {[%clk 01:31:18]} {[%emt 00:00:17]} 4.
d3 {[%clk 01:32:11]} {[%emt 00:00:09]} Bc5 {[%clk 01:31:35]} {[%emt 00:00:13]}
5. Bg5 {[%clk 01:32:28]} {[%emt 00:00:13]} d6 {[%clk 01:31:30]} {[%emt
00:00:36]} 6. Nc3 {[%clk 01:32:38]} {[%emt 00:00:20]} h6 {[%clk 01:31:24]}
{[%emt 00:00:35]} 7. Bh4 {[%clk 01:33:00]} {[%emt 00:00:08]} g5 {[%clk
01:25:02]} {[%emt 00:06:53]} 8. Bg3 {[%clk 01:33:24]} {[%emt 00:00:06]} Bg4
{[%clk 01:24:15]} {[%emt 00:01:16]} 9. h4 {[%clk 01:32:37]} {[%emt 00:01:14]}
Bxf3 {[%clk 01:09:41]} {[%emt 00:15:06]} 10. Qxf3 {[%clk 01:31:29]} {[%emt
00:01:38]} g4 {[%clk 01:03:30]} {[%emt 00:06:42]} 11. Qd1 {[%clk 01:30:30]}
{[%emt 00:01:29]} Bb4 {[%clk 00:54:11]} {[%emt 00:09:49]} 12. a3 {[%clk
01:27:00]} {[%emt 00:04:01]} Ba5 {[%clk 00:50:48]} {[%emt 00:03:53]} 13. O-O
{[%clk 01:21:17]} {[%emt 00:06:13]} a6 {[%clk 00:44:29]} {[%emt 00:06:49]} 14.
b4 {[%clk 01:19:43]} {[%emt 00:02:03]} Bb6 {[%clk 00:44:36]} {[%emt 00:00:24]}
15. Nd5 {[%clk 01:15:33]} {[%emt 00:04:41]} Nxd5 {[%clk 00:30:18]} {[%emt
00:14:48]} 16. exd5 {[%clk 01:13:40]} {[%emt 00:02:22]} Ne7 {[%clk 00:27:41]}
{[%emt 00:03:07]} 17. Qxg4 {[%clk 01:12:10]} {[%emt 00:02:00]} h5 {[%clk
00:24:02]} {[%emt 00:04:09]} 18. Qf3 {[%clk 01:10:25]} {[%emt 00:02:15]} f5
{[%clk 00:22:36]} {[%emt 00:01:56]} 19. Bh2 {[%clk 01:05:52]} {[%emt 00:05:04]}
Qd7 {[%clk 00:22:08]} {[%emt 00:00:58]} 20. c3 {[%clk 01:03:01]} {[%emt
00:03:21]} O-O-O {[%clk 00:21:48]} {[%emt 00:00:49]} 21. a4 {[%clk 01:02:48]}
{[%emt 00:00:29]} a5 {[%clk 00:19:10]} {[%emt 00:03:23]} 22. bxa5 {[%clk
01:01:10]} {[%emt 00:02:08]} Bxa5 {[%clk 00:18:18]} {[%emt 00:01:21]} 23. Ra3
{[%clk 01:00:56]} {[%emt 00:00:44]} f4 {[%clk 00:15:52]} {[%emt 00:02:59]} 24.
Rb1 {[%clk 00:59:14]} {[%emt 00:02:13]} Rhg8 {[%clk 00:14:56]} {[%emt
00:01:25]} 25. Rab3 {[%emt 00:01:23]} Rg7 {[%emt 00:17:14]} 26. Rxb7 {[%clk
00:40:38]} {[%emt 00:00:29]} Bb6 {[%clk 00:15:01]} {[%emt 00:00:26]} 27. Ba6
{[%clk 00:40:52]} {[%emt 00:00:16]} Qf5 {[%clk 00:10:55]} {[%emt 00:04:35]} 28.
R7xb6+ {[%clk 00:40:07]} {[%emt 00:01:15]} Kd7 {[%clk 00:10:46]} {[%emt
00:00:40]} 29. Bb5+ {[%clk 00:39:57]} {[%emt 00:00:39]} c6 {[%clk 00:08:07]}
{[%emt 00:03:09]} 30. dxc6+ {[%clk 00:39:54]} {[%emt 00:00:32]} Ke6 {[%clk
00:07:40]} {[%emt 00:00:58]} 31. c7 {[%clk 00:39:12]} {[%emt 00:01:13]} Rc8
{[%clk 00:07:08]} {[%emt 00:01:01]} 32. Bc4+ {[%clk 00:37:01]} {[%emt
00:02:41]} Kd7 {[%clk 00:06:09]} {[%emt 00:01:29]} 33. Bb5+ {[%clk 00:34:10]}
{[%emt 00:03:21]} Ke6 {[%clk 00:05:25]} {[%emt 00:01:15]} 34. Bc4+ {[%clk
00:29:31]} {[%emt 00:05:09]} Kd7 {[%clk 00:05:44]} {[%emt 00:00:10]} 35. a5
{[%clk 00:27:13]} {[%emt 00:02:49]} Rxc7 {[%clk 00:02:59]} {[%emt 00:03:14]}
36. a6 {[%clk 00:26:41]} {[%emt 00:01:03]} Ke8 {[%clk 00:02:25]} {[%emt
00:01:04]} 37. Rb7 {[%clk 00:25:46]} {[%emt 00:01:24]} Rc8 {[%clk 00:01:19]}
{[%emt 00:01:36]} 38. a7 {[%clk 00:25:08]} {[%emt 00:01:08]} e4 {[%clk
00:01:21]} {[%emt 00:00:27]} 39. dxe4 {[%clk 00:24:42]} {[%emt 00:00:57]} Qa5
{[%clk 00:01:13]} {[%emt 00:00:38]} 40. Bb5+ {[%clk 00:21:15]} {[%emt
00:03:57]} Kf8 {[%clk 00:01:05]} {[%emt 00:00:37]} 41. Qxf4+ {[%clk 00:20:41]}
{[%emt 00:01:05]} Kg8 {[%clk 00:01:11]} {[%emt 00:00:23]} 42. Qxd6 {[%clk
00:19:20]} {[%emt 00:01:51]} Qxc3 {[%clk 00:01:07]} {[%emt 00:00:34]} 43. Rb8
{[%clk 00:17:46]} {[%emt 00:02:04]} Kh8 {[%clk 00:16:31]} {[%emt 00:15:06]} 44.
a8=Q {[%clk 00:46:01]} {[%emt 00:02:13]} Rxb8 {[%clk 00:13:10]} {[%emt
00:03:53]} 45. Qaxb8+ {[%clk 00:45:37]} {[%emt 00:00:54]} Ng8 {[%clk 00:13:15]}
{[%emt 00:00:24]} 46. Qh6+ {[%clk 00:45:37]} {[%emt 00:00:24]} Rh7 {[%clk
00:13:26]} {[%emt 00:00:24]} 47. Be5+ {[%clk 00:45:56]} {[%emt 00:00:12]} Qxe5
{[%clk 00:13:25]} {[%emt 00:00:31]} 48. Qxe5+ {[%clk 00:46:17]} {[%emt
00:00:08]} Nf6 {[%clk 00:13:48]} {[%emt 00:00:08]} 49. Qexf6+ {[%clk 00:46:40]}
{[%emt 00:00:07]} Kg8 {[%clk 00:14:05]} {[%emt 00:00:13]} 50. Qhf8# {[%clk
00:47:03]} {[%emt 00:00:07]} 1-0

[Event "DEM U10 2025"]
[Site "Willingen GER"]
[Date "2025.06.11"]
[Round "5"]
[White "Schmidt, Fabian"]
[Black "Sriram, Aumkar"]
[Result "0-1"]
[Termination "normal"]
[Board "11"]
[WhiteElo "1407"]
[BlackElo "1517"]
[WhiteClock "00:25:07"]
[BlackClock "00:53:07"]
[PlyCount "85"]
[WhiteFideId "533043515"]
[BlackFideId "33460477"]
[EventCountry "GER"]
[EventRounds "9"]
[EventType "swiss"]
[EventDate "2025.06.07"]

1. c4 {[%clk 01:30:58]} {[%emt 00:00:02]} e6 {[%clk 01:30:51]} {[%emt
00:00:09]} 2. g3 {[%clk 01:31:18]} {[%emt 00:00:10]} d5 {[%clk 01:31:09]}
{[%emt 00:00:12]} 3. Bg2 {[%clk 01:30:59]} {[%emt 00:00:49]} dxc4 {[%clk
01:31:19]} {[%emt 00:00:18]} 4. Qa4+ {[%clk 01:30:39]} {[%emt 00:00:52]} Bd7
{[%clk 01:30:45]} {[%emt 00:01:04]} 5. Qxc4 {[%clk 01:30:39]} {[%emt 00:00:30]}
Bc6 {[%clk 01:30:31]} {[%emt 00:00:43]} 6. Nf3 {[%clk 01:28:48]} {[%emt
00:02:22]} Nf6 {[%clk 01:30:39]} {[%emt 00:00:22]} 7. d3 {[%clk 01:27:52]}
{[%emt 00:01:27]} Nbd7 {[%clk 01:30:37]} {[%emt 00:00:32]} 8. O-O {[%clk
01:20:18]} {[%emt 00:08:02]} Nb6 {[%clk 01:27:28]} {[%emt 00:03:40]} 9. Qc2
{[%clk 01:18:27]} {[%emt 00:02:20]} Be7 {[%clk 01:26:35]} {[%emt 00:01:23]} 10.
Nc3 {[%clk 01:12:04]} {[%emt 00:06:54]} O-O {[%clk 01:25:34]} {[%emt 00:01:31]}
11. Rd1 {[%clk 01:07:42]} {[%emt 00:04:52]} Bb4 {[%clk 01:20:29]} {[%emt
00:05:35]} 12. Be3 {[%clk 01:06:30]} {[%emt 00:01:42]} Bxc3 {[%clk 01:19:30]}
{[%emt 00:01:28]} 13. Bxb6 {[%clk 01:05:42]} {[%emt 00:01:20]} axb6 {[%clk
01:19:03]} {[%emt 00:00:56]} 14. Qxc3 {[%clk 01:00:00]} {[%emt 00:06:12]} Qe7
{[%clk 01:15:52]} {[%emt 00:03:41]} 15. Ne5 {[%clk 00:56:34]} {[%emt 00:03:57]}
Bxg2 {[%clk 01:15:06]} {[%emt 00:01:15]} 16. Kxg2 {[%clk 00:55:32]} {[%emt
00:01:32]} Nd5 {[%clk 01:15:11]} {[%emt 00:00:25]} 17. Qb3 {[%clk 00:50:33]}
{[%emt 00:05:29]} f6 {[%clk 01:13:34]} {[%emt 00:02:07]} 18. Nf3 {[%clk
00:45:13]} {[%emt 00:05:50]} Kh8 {[%clk 01:12:54]} {[%emt 00:01:10]} 19. e4
{[%clk 00:44:40]} {[%emt 00:01:03]} Nb4 {[%clk 01:10:14]} {[%emt 00:03:09]} 20.
a3 {[%clk 00:36:21]} {[%emt 00:08:50]} Nc6 {[%clk 01:09:19]} {[%emt 00:01:25]}
21. d4 {[%clk 00:33:40]} {[%emt 00:03:10]} Rad8 {[%clk 01:08:43]} {[%emt
00:01:07]} 22. Rd3 {[%clk 00:24:18]} {[%emt 00:09:52]} f5 {[%clk 01:05:21]}
{[%emt 00:03:52]} 23. e5 {[%clk 00:23:27]} {[%emt 00:01:21]} Rd5 {[%clk
01:04:40]} {[%emt 00:01:10]} 24. Re1 {[%clk 00:21:01]} {[%emt 00:02:57]} Rfd8
{[%clk 01:03:40]} {[%emt 00:01:31]} 25. Red1 {[%clk 00:20:23]} {[%emt
00:01:08]} R8d7 {[%clk 01:01:28]} {[%emt 00:02:40]} 26. R1d2 {[%clk 00:19:29]}
{[%emt 00:01:25]} Na5 {[%clk 00:58:42]} {[%emt 00:03:19]} 27. Qc3 {[%clk
00:18:28]} {[%emt 00:01:31]} Nc6 {[%clk 00:55:55]} {[%emt 00:03:16]} 28. Qb3
{[%clk 00:17:49]} {[%emt 00:01:09]} Qf7 {[%clk 00:54:05]} {[%emt 00:02:20]} 29.
Qc3 {[%clk 00:17:15]} {[%emt 00:01:05]} f4 {[%clk 00:47:57]} {[%emt 00:06:37]}
30. Qb3 {[%clk 00:15:41]} {[%emt 00:02:05]} Rd8 {[%clk 00:46:25]} {[%emt
00:02:02]} 31. Qc3 {[%clk 00:15:12]} {[%emt 00:00:58]} Rf8 {[%clk 00:44:37]}
{[%emt 00:02:18]} 32. Qb3 {[%clk 00:13:29]} {[%emt 00:02:14]} Qf5 {[%clk
00:42:53]} {[%emt 00:02:13]} 33. Qd1 {[%clk 00:12:42]} {[%emt 00:01:17]} Na5
{[%clk 00:39:19]} {[%emt 00:04:05]} 34. b3 {[%clk 00:11:33]} {[%emt 00:01:39]}
Nc6 {[%clk 00:39:10]} {[%emt 00:00:39]} 35. Qe2 {[%clk 00:11:10]} {[%emt
00:00:54]} Ne7 {[%clk 00:38:32]} {[%emt 00:01:07]} 36. Nh4 {[%clk 00:10:49]}
{[%emt 00:00:51]} Qf7 {[%clk 00:37:21]} {[%emt 00:01:41]} 37. Kg1 {[%clk
00:08:09]} {[%emt 00:03:10]} Ng6 {[%clk 00:36:40]} {[%emt 00:01:11]} 38. Rf3
{[%clk 00:07:33]} {[%emt 00:01:06]} Nxh4 {[%clk 00:36:01]} {[%emt 00:01:09]}
39. Rxf4 {[%clk 00:06:49]} {[%emt 00:01:14]} Nf5 {[%clk 00:32:11]} {[%emt
00:04:20]} 40. g4 {[%clk 00:05:30]} {[%emt 00:01:49]} g5 {[%clk 00:23:35]}
{[%emt 00:09:05]} 41. Re4 {[%clk 00:24:55]} {[%emt 00:11:06]} Nh4 {[%clk
00:53:02]} {[%emt 00:01:04]} 42. Rd3 {[%clk 00:25:07]} {[%emt 00:00:17]} Ng6
{[%clk 00:53:07]} {[%emt 00:00:25]} 43. Qd1 {[%emt 00:02:00]} 0-1

[Event "DEM U10 2025"]
[Site "Willingen GER"]
[Date "2025.06.11"]
[Round "5"]
[White "Mudriievskyi, Jan"]
[Black "Schröder, Liam"]
[Result "1-0"]
[Termination "normal"]
[Board "12"]
[WhiteElo "1670"]
[BlackElo "1537"]
[WhiteClock "00:32:05"]
[BlackClock "01:05:01"]
[PlyCount "33"]
[WhiteFideId "34676473"]
[BlackFideId "34651020"]
[EventCountry "GER"]
[EventRounds "9"]
[EventType "swiss"]
[EventDate "2025.06.07"]

1. e4 {[%clk 01:30:41]} {[%emt 00:00:18]} d5 {[%clk 01:27:46]} {[%emt
00:03:15]} 2. exd5 {[%clk 01:30:53]} {[%emt 00:00:18]} Qxd5 {[%clk 01:28:09]}
{[%emt 00:00:07]} 3. Nc3 {[%clk 01:30:44]} {[%emt 00:00:38]} Qa5 {[%clk
01:28:25]} {[%emt 00:00:14]} 4. d4 {[%clk 01:29:15]} {[%emt 00:02:00]} Nf6
{[%clk 01:28:23]} {[%emt 00:00:30]} 5. Bc4 {[%clk 01:28:12]} {[%emt 00:01:34]}
Bf5 {[%clk 01:28:13]} {[%emt 00:00:38]} 6. Bd2 {[%clk 01:25:53]} {[%emt
00:02:51]} c6 {[%clk 01:27:44]} {[%emt 00:01:00]} 7. Nf3 {[%clk 01:19:23]}
{[%emt 00:06:59]} Nbd7 {[%clk 01:23:56]} {[%emt 00:04:18]} 8. O-O {[%clk
00:58:03]} {[%emt 00:21:51]} e6 {[%clk 01:22:59]} {[%emt 00:01:27]} 9. Re1
{[%clk 00:57:04]} {[%emt 00:01:28]} Be7 {[%clk 01:21:14]} {[%emt 00:02:14]} 10.
Nh4 {[%clk 00:52:52]} {[%emt 00:04:44]} Bg4 {[%clk 01:19:20]} {[%emt 00:02:23]}
11. f3 {[%clk 00:44:55]} {[%emt 00:08:28]} Bh5 {[%clk 01:17:53]} {[%emt
00:01:55]} 12. Nd5 {[%clk 00:41:24]} {[%emt 00:04:03]} Qd8 {[%clk 01:17:53]}
{[%emt 00:00:29]} 13. Nxe7 {[%clk 00:40:08]} {[%emt 00:01:47]} Qxe7 {[%clk
01:17:52]} {[%emt 00:00:30]} 14. Nf5 {[%clk 00:35:58]} {[%emt 00:04:41]} Qf8
{[%clk 01:16:18]} {[%emt 00:02:03]} 15. Bf4 {[%clk 00:32:41]} {[%emt 00:03:47]}
O-O-O {[%clk 01:06:02]} {[%emt 00:10:45]} 16. Bd6 {[%clk 00:32:05]} {[%emt
00:01:08]} Qe8 {[%clk 01:05:01]} {[%emt 00:01:28]} 17. Ne7+ {[%emt 00:00:27]}
1-0

[Event "DEM U10 2025"]
[Site "Willingen GER"]
[Date "2025.06.11"]
[Round "5"]
[White "Grimm, Jakob"]
[Black "Fendel, Arsenij"]
[Result "1-0"]
[Termination "normal"]
[Board "13"]
[WhiteElo "1698"]
[BlackElo "1279"]
[WhiteClock "00:20:47"]
[BlackClock "00:03:54"]
[PlyCount "71"]
[WhiteFideId "34635645"]
[BlackFideId "533009635"]
[EventCountry "GER"]
[EventRounds "9"]
[EventType "swiss"]
[EventDate "2025.06.07"]

1. e4 {[%clk 01:30:57]} {[%emt 00:00:03]} e5 {[%clk 01:30:51]} {[%emt
00:00:09]} 2. Nf3 {[%clk 01:31:22]} {[%emt 00:00:04]} Nc6 {[%clk 01:30:50]}
{[%emt 00:00:31]} 3. Bb5 {[%clk 01:31:20]} {[%emt 00:00:33]} a6 {[%clk
01:28:33]} {[%emt 00:02:47]} 4. Ba4 {[%clk 01:30:53]} {[%emt 00:00:57]} Bc5
{[%clk 01:26:08]} {[%emt 00:02:53]} 5. O-O {[%emt 00:02:56]} d6 {[%clk
01:16:47]} {[%emt 00:09:49]} 6. c3 {[%clk 01:27:19]} {[%emt 00:01:41]} b5
{[%clk 01:12:39]} {[%emt 00:04:38]} 7. Bb3 {[%clk 01:27:32]} {[%emt 00:00:17]}
Bg4 {[%clk 01:10:24]} {[%emt 00:02:44]} 8. Bd5 {[%clk 01:26:37]} {[%emt
00:01:26]} Nge7 {[%clk 01:06:44]} {[%emt 00:04:10]} 9. Bxf7+ {[%clk 01:21:30]}
{[%emt 00:05:38]} Kd7 {[%clk 01:02:44]} {[%emt 00:04:29]} 10. h3 {[%clk
01:20:39]} {[%emt 00:01:21]} Bxf3 {[%clk 01:01:45]} {[%emt 00:01:29]} 11. Qxf3
{[%clk 01:21:05]} {[%emt 00:00:04]} Kc8 {[%clk 01:01:19]} {[%emt 00:00:56]} 12.
Qe2 {[%clk 01:18:46]} {[%emt 00:02:48]} Kb7 {[%clk 00:57:23]} {[%emt 00:04:27]}
13. b4 {[%clk 01:17:29]} {[%emt 00:01:48]} Bb6 {[%clk 00:54:50]} {[%emt
00:02:58]} 14. d3 {[%clk 01:16:06]} {[%emt 00:01:55]} Qd7 {[%clk 00:52:29]}
{[%emt 00:02:52]} 15. Be3 {[%clk 01:14:46]} {[%emt 00:01:50]} Rhd8 {[%clk
00:37:16]} {[%emt 00:15:40]} 16. Bd5 {[%clk 01:11:51]} {[%emt 00:03:28]} h6
{[%clk 00:34:13]} {[%emt 00:03:33]} 17. Nd2 {[%clk 01:10:52]} {[%emt 00:01:29]}
Rf8 {[%clk 00:29:01]} {[%emt 00:05:42]} 18. Rab1 {[%clk 01:10:12]} {[%emt
00:01:10]} Rf6 {[%clk 00:26:02]} {[%emt 00:03:29]} 19. c4 {[%clk 01:09:58]}
{[%emt 00:00:44]} Nxd5 {[%clk 00:25:42]} {[%emt 00:00:48]} 20. exd5 {[%clk
01:10:03]} {[%emt 00:00:26]} Nd4 {[%clk 00:25:34]} {[%emt 00:00:38]} 21. Bxd4
{[%clk 01:07:15]} {[%emt 00:03:18]} Bxd4 {[%clk 00:22:55]} {[%emt 00:03:08]}
22. Nb3 {[%clk 01:03:30]} {[%emt 00:04:16]} Rg6 {[%clk 00:20:55]} {[%emt
00:02:30]} 23. Kh1 {[%clk 01:02:59]} {[%emt 00:01:01]} Ba7 {[%clk 00:16:47]}
{[%emt 00:04:33]} 24. Qe4 {[%clk 00:58:47]} {[%emt 00:04:48]} Rf6 {[%clk
00:15:45]} {[%emt 00:01:33]} 25. c5 {[%clk 00:58:37]} {[%emt 00:00:40]} dxc5
{[%clk 00:15:33]} {[%emt 00:00:41]} 26. bxc5 {[%clk 00:58:53]} {[%emt
00:00:15]} Qf5 {[%clk 00:15:08]} {[%emt 00:00:53]} 27. Na5+ {[%clk 00:54:40]}
{[%emt 00:04:45]} Kb8 {[%clk 00:13:37]} {[%emt 00:02:00]} 28. Nc6+ {[%clk
00:49:08]} {[%emt 00:06:02]} Kb7 {[%clk 00:13:18]} {[%emt 00:00:48]} 29. Qxe5
{[%clk 00:46:39]} {[%emt 00:03:00]} Bxc5 {[%clk 00:10:13]} {[%emt 00:03:33]}
30. Na5+ {[%clk 00:39:24]} {[%emt 00:07:47]} Kb6 {[%clk 00:08:21]} {[%emt
00:02:20]} 31. d4 {[%clk 00:26:53]} {[%emt 00:13:03]} Qxe5 {[%clk 00:08:41]}
{[%emt 00:00:10]} 32. dxe5 {[%clk 00:24:26]} {[%emt 00:02:58]} Rxf2 {[%clk
00:07:17]} {[%emt 00:01:53]} 33. Rxf2 {[%clk 00:23:15]} {[%emt 00:01:41]} Bxf2
{[%clk 00:06:26]} {[%emt 00:01:19]} 34. Nc6 {[%clk 00:23:14]} {[%emt 00:00:33]}
Bc5 {[%clk 00:05:46]} {[%emt 00:01:07]} 35. Kh2 {[%clk 00:23:15]} {[%emt
00:00:30]} Rf8 {[%clk 00:03:54]} {[%emt 00:02:23]} 36. Re1 {[%clk 00:20:47]}
{[%emt 00:03:00]} 1-0